[Event "Deutsche Blitz-Einzelmeisterschaft der Frauen 2021"]
[Site "Magdeburg"]
[Date "2021.08.01"]
[Round "19"]
[Board "7"]
[White "Schneider, Birgit"]
[Black "Schlueter, Sabrina"]
[Result "1-0"]
[WhiteElo "1993"]
[BlackElo "1790"]
[PlyCount "0"]
[EventDate "2021.08.01"]
[EventRounds "21"]
[EventCountry "GER"]

1. e4 {[%clk 0:03:03]} c6 {[%clk 0:03:04]} 2. d4 {[%clk 0:03:04]} g6 {[%clk
0:03:05]} 3. Nc3 {[%clk 0:02:56]} d5 {[%clk 0:03:06]} 4. exd5 {[%clk 0:02:54]}
cxd5 {[%clk 0:03:07]} 5. Nf3 {[%clk 0:02:51]} Bg7 {[%clk 0:03:08]} 6. h3 {[%clk
0:02:49]} Nf6 {[%clk 0:03:09]} 7. Be2 {[%clk 0:02:47]} O-O {[%clk 0:03:09]} 8.
O-O {[%clk 0:02:47]} Nc6 {[%clk 0:03:05]} 9. Re1 {[%clk 0:02:41]} e6 {[%clk
0:03:05]} 10. Bg5 {[%clk 0:02:37]} h6 {[%clk 0:03:05]} 11. Bf4 {[%clk 0:02:33]}
Kh7 {[%clk 0:03:04]} 12. Nb5 {[%clk 0:02:03]} Ne8 {[%clk 0:02:44]} 13. Rc1 {[%clk
0:01:51]} a6 {[%clk 0:02:45]} 14. Na3 {[%clk 0:01:47]} b5 {[%clk 0:02:36]} 15. c3
{[%clk 0:01:42]} Bb7 {[%clk 0:02:27]} 16. Bf1 {[%clk 0:01:42]} Nd6 {[%clk
0:02:13]} 17. Bd3 {[%clk 0:01:30]} Rc8 {[%clk 0:02:05]} 18. Nc2 {[%clk 0:01:22]}
Na5 {[%clk 0:02:00]} 19. Ne3 {[%clk 0:01:21]} Nac4 {[%clk 0:01:54]} 20. Nxc4
{[%clk 0:01:21]} dxc4 {[%clk 0:01:48]} 21. Bb1 {[%clk 0:01:15]} Bxf3 {[%clk
0:01:38]} 22. Qxf3 {[%clk 0:01:15]} Qd7 {[%clk 0:01:30]} 23. h4 {[%clk 0:01:07]}
Nf5 {[%clk 0:01:25]} 24. h5 {[%clk 0:01:04]} g5 {[%clk 0:01:03]} 25. Be5 {[%clk
0:00:57]} f6 {[%clk 0:00:55]} 26. Bh2 {[%clk 0:00:50]} Kg8 {[%clk 0:00:50]} 27.
Bxf5 {[%clk 0:00:37]} exf5 {[%clk 0:00:50]} 28. Re2 {[%clk 0:00:38]} Rfe8 {[%clk
0:00:47]} 29. Rce1 {[%clk 0:00:39]} Rxe2 {[%clk 0:00:45]} 30. Qxe2 {[%clk
0:00:39]} Kf7 {[%clk 0:00:34]} 31. f3 {[%clk 0:00:26]} Re8 {[%clk 0:00:33]} 32.
Qd2 {[%clk 0:00:19]} Rxe1+ {[%clk 0:00:32]} 33. Qxe1 {[%clk 0:00:20]} f4 {[%clk
0:00:23]} 34. Kf2 {[%clk 0:00:19]} Bf8 {[%clk 0:00:23]} 35. Bg1 {[%clk 0:00:20]}
Qe7 {[%clk 0:00:17]} 36. Qxe7+ {[%clk 0:00:18]} Bxe7 {[%clk 0:00:18]} 37. Ke2
{[%clk 0:00:19]} Ke6 {[%clk 0:00:19]} 38. Bf2 {[%clk 0:00:20]} Kd5 {[%clk
0:00:20]} 39. g3 {[%clk 0:00:21]} fxg3 {[%clk 0:00:20]} 40. Bxg3 {[%clk 0:00:22]}
Bf8 {[%clk 0:00:15]} 41. b3 {[%clk 0:00:23]} f5 {[%clk 0:00:13]} 42. bxc4+ {[%clk
0:00:21]} bxc4 {[%clk 0:00:10]} 43. Kd2 {[%clk 0:00:17]} g4 {[%clk 0:00:09]} 44.
fxg4 {[%clk 0:00:17]} fxg4 {[%clk 0:00:10]} 45. Ke2 {[%clk 0:00:18]} Ke4 {[%clk
0:00:11]} 46. Be5 {[%clk 0:00:16]} Kd5 {[%clk 0:00:05]} 47. Ke3 {[%clk 0:00:14]}
Ke6 {[%clk 0:03:02]} 48. Ke4  1-0

[Event "Deutsche Blitz-Einzelmeisterschaft der Frauen 2021"]
[Site "Magdeburg"]
[Date "2021.08.01"]
[Round "19"]
[Board "8"]
[White "Zimmer, Elke"]
[Black "Braun, Kristin"]
[Result "1-0"]
[WhiteElo "1872"]
[BlackElo "1846"]
[PlyCount "0"]
[EventDate "2021.08.01"]
[EventRounds "21"]
[EventCountry "GER"]

1. e4 {[%clk 0:03:02]} c5 {[%clk 0:03:02]} 2. Nc3 {[%clk 0:03:03]} g6 {[%clk
0:03:05]} 3. g3 {[%clk 0:03:05]} Bg7 {[%clk 0:03:07]} 4. Bg2 {[%clk 0:03:06]} Nc6
{[%clk 0:03:08]} 5. d3 {[%clk 0:03:07]} d6 {[%clk 0:03:09]} 6. Be3 {[%clk
0:03:07]} e6 {[%clk 0:03:10]} 7. f4 {[%clk 0:03:07]} Nge7 {[%clk 0:03:11]} 8. Nf3
{[%clk 0:03:07]} O-O {[%clk 0:03:10]} 9. O-O {[%clk 0:03:08]} Rb8 {[%clk
0:03:11]} 10. Qd2 {[%clk 0:03:04]} Nd4 {[%clk 0:03:09]} 11. Rae1 {[%clk 0:03:01]}
b5 {[%clk 0:03:07]} 12. Bxd4 {[%clk 0:03:01]} cxd4 {[%clk 0:03:06]} 13. Ne2
{[%clk 0:03:01]} e5 {[%clk 0:02:51]} 14. fxe5 {[%clk 0:03:02]} dxe5 {[%clk
0:02:51]} 15. h3 {[%clk 0:03:00]} Nc6 {[%clk 0:02:44]} 16. Kh2 {[%clk 0:02:58]}
Be6 {[%clk 0:02:44]} 17. b3 {[%clk 0:02:59]} Qa5 {[%clk 0:02:26]} 18. Qxa5 {[%clk
0:02:59]} Nxa5 {[%clk 0:02:26]} 19. g4 {[%clk 0:02:55]} Nc6 {[%clk 0:02:27]} 20.
a3 {[%clk 0:02:55]} Rfc8 {[%clk 0:02:24]} 21. Ng3 {[%clk 0:02:49]} Ne7 {[%clk
0:02:19]} 22. Re2 {[%clk 0:02:49]} Rc7 {[%clk 0:02:19]} 23. Ng5 {[%clk 0:02:44]}
Rc6 {[%clk 0:01:23]} 24. Nxe6 {[%clk 0:02:32]} Rxe6 {[%clk 0:01:24]} 25. h4
{[%clk 0:02:24]} Rc8 {[%clk 0:01:17]} 26. g5 {[%clk 0:02:21]} f6 {[%clk 0:01:04]}
27. gxf6 {[%clk 0:02:16]} Bxf6 {[%clk 0:01:02]} 28. Bh3 {[%clk 0:02:17]} Rec6
{[%clk 0:00:52]} 29. Bxc8 {[%clk 0:02:17]} Nxc8 {[%clk 0:00:52]} 30. h5 {[%clk
0:02:16]} g5 {[%clk 0:00:53]} 31. Nf5 {[%clk 0:02:17]} a5 {[%clk 0:00:47]} 32.
Kh3 {[%clk 0:02:12]} Nb6 {[%clk 0:00:48]} 33. Kg4 {[%clk 0:01:57]} Nd7 {[%clk
0:00:49]} 34. h6 {[%clk 0:01:51]} Bd8 {[%clk 0:00:48]} 35. Rh2 {[%clk 0:01:47]}
Nf6+ {[%clk 0:00:49]} 36. Kg3 {[%clk 0:01:46]} Nd7 {[%clk 0:00:47]} 37. Rff2
{[%clk 0:01:40]} Nf6 {[%clk 0:00:46]} 38. Ng7 {[%clk 0:01:33]} Rc3 {[%clk
0:00:45]} 39. Ne6 {[%clk 0:01:28]} Nxe4+ {[%clk 0:00:46]} 40. Kf3 {[%clk
0:01:23]} Nxf2 {[%clk 0:00:47]} 41. Rxf2 {[%clk 0:01:24]} Be7 {[%clk 0:00:37]}
42. Ke4 {[%clk 0:01:23]} Rc8 {[%clk 0:00:48]} 43. Kxe5 {[%clk 0:01:21]} Re8
{[%clk 0:00:43]} 44. Kd5 {[%clk 0:01:16]} Bxa3 {[%clk 0:00:44]} 45. Nxd4 {[%clk
0:01:15]} Rd8+ {[%clk 0:00:45]} 46. Ke4 {[%clk 0:01:13]} Bb2 {[%clk 0:00:45]} 47.
c4 {[%clk 0:01:10]} Rxd4+ {[%clk 0:00:46]} 48. Ke3 {[%clk 0:01:11]} Rd8 {[%clk
0:00:48]} 49. Rf5 {[%clk 0:01:12]} Re8+ {[%clk 0:00:49]} 50. Kd2 {[%clk 0:01:13]}
bxc4 {[%clk 0:00:50]} 51. bxc4 {[%clk 0:01:14]} a4 {[%clk 0:00:52]} 52. Ra5
{[%clk 0:01:14]} a3 {[%clk 0:00:53]} 53. c5 {[%clk 0:01:05]} Rb8 {[%clk 0:00:52]}
54. Ke3 {[%clk 0:01:15]} Bc1+ {[%clk 0:00:49]} 55. Ke4 {[%clk 0:01:16]} Re8+
{[%clk 0:00:50]} 56. Kd5 {[%clk 0:01:17]} Re2 {[%clk 0:00:50]} 57. c6 {[%clk
0:01:17]} Rc2 {[%clk 0:00:51]} 58. d4 {[%clk 0:01:11]} a2 {[%clk 0:00:53]} 59. c7
{[%clk 0:01:11]} Rxc7 {[%clk 0:00:50]} 60. Rxa2 {[%clk 0:01:18]} Rd7+ {[%clk
0:00:51]} 61. Ke6 {[%clk 0:01:17]} Rd8 {[%clk 0:00:49]} 62. d5 {[%clk 0:01:18]}
Bf4 {[%clk 0:00:40]} 63. Ra7 {[%clk 0:01:18]} Re8+ {[%clk 0:00:47]} 64. Kf6
{[%clk 0:01:18]} Rf8+ {[%clk 0:00:41]} 65. Ke6 {[%clk 0:01:05]} g4 {[%clk
0:00:29]} 66. Rg7+ {[%clk 0:01:19]} Kh8 {[%clk 0:00:30]} 67. Rxg4 {[%clk
0:01:20]} Bxh6 {[%clk 0:00:31]} 68. d6 {[%clk 0:01:20]} Bd2 {[%clk 0:00:26]} 69.
d7 {[%clk 0:01:18]} Ba5 {[%clk 0:00:27]} 70. Ra4 {[%clk 0:01:19]} Bb6 {[%clk
0:00:27]} 71. Ke7 {[%clk 0:01:16]} Rg8 {[%clk 0:00:26]} 72. Ra6 {[%clk 0:01:15]}
Bc7 {[%clk 0:00:27]} 73. Rc6 {[%clk 0:01:16]} Ba5 {[%clk 0:00:28]} 74. Rc8 {[%clk
0:01:17]} Bb4+ {[%clk 0:00:27]} 75. Kf7 {[%clk 0:01:18]} Rf8+ {[%clk 0:00:16]}
76. Rxf8+ {[%clk 0:01:18]} Bxf8 {[%clk 0:00:17]} 77. d8=Q {[%clk 0:01:14]} h5
{[%clk 0:00:18]} 78. Qxf8+ {[%clk 0:01:14]}  1-0

[Event "Deutsche Blitz-Einzelmeisterschaft der Frauen 2021"]
[Site "Magdeburg"]
[Date "2021.08.01"]
[Round "19"]
[Board "9"]
[White "Michna, Marta"]
[Black "Kosovska, Olena"]
[Result "1-0"]
[WhiteElo "2416"]
[BlackElo "1965"]
[PlyCount "0"]
[EventDate "2021.08.01"]
[EventRounds "21"]
[EventCountry "GER"]

1. Nf3 {[%clk 0:03:04]} d5 {[%clk 0:03:02]} 2. d3 {[%clk 0:03:05]} c5 {[%clk
0:03:03]} 3. Nbd2 {[%clk 0:03:06]} Nc6 {[%clk 0:03:04]} 4. e4 {[%clk 0:03:07]} e6
{[%clk 0:03:03]} 5. Be2 {[%clk 0:03:05]} Nf6 {[%clk 0:03:04]} 6. c3 {[%clk
0:03:05]} Be7 {[%clk 0:03:05]} 7. O-O {[%clk 0:03:06]} O-O {[%clk 0:03:06]} 8. a4
{[%clk 0:03:06]} Qc7 {[%clk 0:03:04]} 9. Qc2 {[%clk 0:03:04]} Rd8 {[%clk
0:03:04]} 10. Re1 {[%clk 0:03:04]} h6 {[%clk 0:03:05]} 11. Bf1 {[%clk 0:03:05]}
b6 {[%clk 0:03:01]} 12. g3 {[%clk 0:03:04]} Bb7 {[%clk 0:03:02]} 13. Bg2 {[%clk
0:02:50]} dxe4 {[%clk 0:03:00]} 14. dxe4 {[%clk 0:02:51]} Rd7 {[%clk 0:02:54]}
15. Nc4 {[%clk 0:02:50]} Bf8 {[%clk 0:02:22]} 16. Bf4 {[%clk 0:02:42]} Qc8 {[%clk
0:02:14]} 17. h3 {[%clk 0:02:27]} Nh5 {[%clk 0:02:11]} 18. Be3 {[%clk 0:02:18]}
e5 {[%clk 0:02:06]} 19. Nfxe5 {[%clk 0:02:02]} Nxe5 {[%clk 0:02:06]} 20. Nxe5
{[%clk 0:02:03]} Re7 {[%clk 0:02:05]} 21. Nc4 {[%clk 0:02:04]} Qe6 {[%clk
0:01:59]} 22. Nd2 {[%clk 0:01:52]} Nf6 {[%clk 0:02:00]} 23. a5 {[%clk 0:01:26]}
Nxe4 {[%clk 0:01:42]} 24. Nxe4 {[%clk 0:01:21]} Bxe4 {[%clk 0:01:42]} 25. Bxe4
{[%clk 0:01:22]} Qxe4 {[%clk 0:01:43]} 26. Qxe4 {[%clk 0:01:22]} Rxe4 {[%clk
0:01:36]} 27. axb6 {[%clk 0:01:23]} a6 {[%clk 0:01:28]} 28. Bf4 {[%clk 0:01:21]}
Rxe1+ {[%clk 0:00:26]} 29. Rxe1 {[%clk 0:01:22]} g5 {[%clk 0:00:27]} 30. b7
{[%clk 0:01:19]}  1-0

[Event "Deutsche Blitz-Einzelmeisterschaft der Frauen 2021"]
[Site "Magdeburg"]
[Date "2021.08.01"]
[Round "19"]
[Board "10"]
[White "Moenster, Madita"]
[Black "Noll, Sonja"]
[Result "1-0"]
[WhiteElo "1889"]
[BlackElo "1707"]
[PlyCount "0"]
[EventDate "2021.08.01"]
[EventRounds "21"]
[EventCountry "GER"]

1. e4 {[%clk 0:03:02]} Nf6 {[%clk 0:03:02]} 2. e5 {[%clk 0:03:01]} Nd5 {[%clk
0:03:04]} 3. d4 {[%clk 0:03:01]} d6 {[%clk 0:03:05]} 4. c4 {[%clk 0:03:01]} Nb6
{[%clk 0:03:06]} 5. exd6 {[%clk 0:03:01]} cxd6 {[%clk 0:03:07]} 6. Nc3 {[%clk
0:03:01]} Qc7 {[%clk 0:03:05]} 7. b3 {[%clk 0:02:59]} g6 {[%clk 0:03:06]} 8. Bb2
{[%clk 0:03:00]} Bg7 {[%clk 0:03:07]} 9. Rc1 {[%clk 0:03:00]} Nc6 {[%clk
0:03:05]} 10. Nf3 {[%clk 0:02:52]} Bg4 {[%clk 0:03:04]} 11. Nb5 {[%clk 0:02:42]}
Qd7 {[%clk 0:02:57]} 12. Be2 {[%clk 0:02:30]} a6 {[%clk 0:02:57]} 13. Na3 {[%clk
0:02:31]} Bxf3 {[%clk 0:02:55]} 14. Bxf3 {[%clk 0:02:32]} Qe6+ {[%clk 0:02:52]}
15. Be2 {[%clk 0:02:30]} O-O {[%clk 0:02:52]} 16. d5 {[%clk 0:02:22]} Qe4 {[%clk
0:02:48]} 17. Bxg7 {[%clk 0:02:18]} Qxg2 {[%clk 0:02:46]} 18. Bf3 {[%clk
0:02:16]} Qg5 {[%clk 0:02:35]} 19. Bxf8 {[%clk 0:02:13]} Rxf8 {[%clk 0:02:27]}
20. dxc6 {[%clk 0:02:12]} bxc6 {[%clk 0:02:27]} 21. Nc2 {[%clk 0:02:03]} Qe5+
{[%clk 0:02:23]} 22. Ne3 {[%clk 0:02:01]} d5 {[%clk 0:02:22]} 23. cxd5 {[%clk
0:01:53]} cxd5 {[%clk 0:02:21]} 24. O-O {[%clk 0:01:37]} Qg5+ {[%clk 0:02:13]}
25. Bg2 {[%clk 0:01:33]} Rd8 {[%clk 0:01:58]} 26. Qg4 {[%clk 0:01:29]} Qf6 {[%clk
0:01:54]} 27. Rfd1 {[%clk 0:01:24]} d4 {[%clk 0:01:49]} 28. Nc4 {[%clk 0:01:23]}
Nxc4 {[%clk 0:01:38]} 29. Rxc4 {[%clk 0:01:20]} e5 {[%clk 0:01:29]} 30. Rc8
{[%clk 0:01:17]} h5 {[%clk 0:01:25]} 31. Rxd8+ {[%clk 0:01:16]} Qxd8 {[%clk
0:01:25]} 32. Qe4 {[%clk 0:01:14]} Qc7 {[%clk 0:01:22]} 33. Re1 {[%clk 0:01:09]}
f6 {[%clk 0:01:19]} 34. Qxg6+ {[%clk 0:01:08]}  1-0

[Event "Deutsche Blitz-Einzelmeisterschaft der Frauen 2021"]
[Site "Magdeburg"]
[Date "2021.08.01"]
[Round "19"]
[Board "11"]
[White "Brunner, Sophia"]
[Black "Ries, Jutta"]
[Result "0-1"]
[WhiteElo "1741"]
[BlackElo "2094"]
[PlyCount "0"]
[EventDate "2021.08.01"]
[EventRounds "21"]
[EventCountry "GER"]

1. d4 {[%clk 0:03:03]} Nf6 {[%clk 0:03:03]} 2. Nf3 {[%clk 0:03:04]} c5 {[%clk
0:03:04]} 3. d5 {[%clk 0:02:58]} b5 {[%clk 0:03:05]} 4. c4 {[%clk 0:02:58]} bxc4
{[%clk 0:03:04]} 5. Nc3 {[%clk 0:02:59]} g6 {[%clk 0:03:05]} 6. e4 {[%clk
0:03:00]} d6 {[%clk 0:03:06]} 7. Bxc4 {[%clk 0:03:01]} Bg7 {[%clk 0:03:06]} 8.
O-O {[%clk 0:03:01]} O-O {[%clk 0:03:06]} 9. Re1 {[%clk 0:03:02]} Ba6 {[%clk
0:03:07]} 10. Bb3 {[%clk 0:02:59]} Nbd7 {[%clk 0:03:07]} 11. h3 {[%clk 0:02:57]}
Rb8 {[%clk 0:03:07]} 12. a3 {[%clk 0:02:43]} c4 {[%clk 0:02:51]} 13. Bc2 {[%clk
0:02:38]} Nc5 {[%clk 0:02:51]} 14. Rb1 {[%clk 0:02:33]} Nfd7 {[%clk 0:02:49]} 15.
Be3 {[%clk 0:02:29]} Nb3 {[%clk 0:02:45]} 16. Bxa7 {[%clk 0:02:16]} Rb7 {[%clk
0:02:46]} 17. Bd4 {[%clk 0:02:16]} Nxd4 {[%clk 0:02:45]} 18. Nxd4 {[%clk
0:02:17]} Nc5 {[%clk 0:02:44]} 19. Nc6 {[%clk 0:02:15]} Qd7 {[%clk 0:02:42]} 20.
Nb4 {[%clk 0:01:56]} Bb5 {[%clk 0:02:31]} 21. Nxb5 {[%clk 0:01:48]} Qxb5 {[%clk
0:02:32]} 22. Qd2 {[%clk 0:01:33]} Rc8 {[%clk 0:02:05]} 23. Qe2 {[%clk 0:01:20]}
Na4 {[%clk 0:01:58]} 24. Bxa4 {[%clk 0:01:11]} Qxa4 {[%clk 0:01:59]} 25. Nc6
{[%clk 0:01:09]} e6 {[%clk 0:01:49]} 26. Qd2 {[%clk 0:00:55]} Qb5 {[%clk
0:01:33]} 27. Qe2 {[%clk 0:00:27]} Rcc7 {[%clk 0:01:27]} 28. Red1 {[%clk
0:00:11]} Bf6 {[%clk 0:01:25]} 29. Kh1 {[%clk 0:00:08]} Qa4 {[%clk 0:01:18]} 30.
Re1 {[%clk 0:00:07]} Rb5 {[%clk 0:01:14]} 31. Nb4 {[%clk 0:00:07]} c3 {[%clk
0:01:10]} 32. bxc3 {[%clk 0:00:08]} Rxc3 {[%clk 0:01:09]} 33. Qd2 {[%clk
0:00:06]} Qxa3 {[%clk 0:01:00]} 34. Nc6 {[%clk 0:00:05]} Rxb1 {[%clk 0:01:08]}
35. Rxb1 {[%clk 0:00:06]} Qc5 {[%clk 0:01:06]} 36. Rb8+ {[%clk 0:00:04]} Kg7
{[%clk 0:01:07]} 37. Rb1 {[%clk 0:00:03]} Rc2 {[%clk 0:01:06]} 38. Qd3 {[%clk
0:00:05]} Qxf2 {[%clk 0:01:04]} 39. Rg1 {[%clk 0:00:06]} Rd2 {[%clk 0:01:01]} 40.
Qb3 {[%clk 0:00:05]} exd5 {[%clk 0:01:00]} 41. exd5 {[%clk 0:00:07]} Re2 {[%clk
0:00:55]} 42. Qc4 {[%clk 0:00:07]} Bh4 {[%clk 0:00:44]} 43. Qc3+ {[%clk 0:00:04]}
Bf6 {[%clk 0:00:43]} 44. Qc4 {[%clk 0:00:06]} Rd2 {[%clk 0:00:38]} 45. Qe4 {[%clk
0:00:04]} Qg3 {[%clk 0:00:36]} 46. Nb4 {[%clk 0:00:03]} Rd4 {[%clk 0:00:34]} 47.
Qb1 {[%clk 0:00:04]} Rh4 {[%clk 0:00:32]} 48. Nd3 {[%clk 0:00:05]} Rxh3+ {[%clk
0:00:30]}  0-1

[Event "Deutsche Blitz-Einzelmeisterschaft der Frauen 2021"]
[Site "Magdeburg"]
[Date "2021.08.01"]
[Round "20"]
[Board "1"]
[White "Wulf, Constanze"]
[Black "Ries, Jutta"]
[Result "0-1"]
[WhiteElo "1817"]
[BlackElo "2094"]
[PlyCount "0"]
[EventDate "2021.08.01"]
[EventRounds "21"]
[EventCountry "GER"]

1. e4 {[%clk 0:03:01]} Nf6 {[%clk 0:03:03]} 2. e5 {[%clk 0:02:58]} Nd5 {[%clk
0:03:04]} 3. c4 {[%clk 0:02:55]} Nb6 {[%clk 0:03:05]} 4. d4 {[%clk 0:02:56]} d6
{[%clk 0:03:06]} 5. exd6 {[%clk 0:02:52]} cxd6 {[%clk 0:03:07]} 6. Nc3 {[%clk
0:02:50]} g6 {[%clk 0:03:08]} 7. Be3 {[%clk 0:02:44]} Bg7 {[%clk 0:03:09]} 8. Be2
{[%clk 0:02:41]} O-O {[%clk 0:03:09]} 9. Rc1 {[%clk 0:02:33]} Nc6 {[%clk
0:03:07]} 10. Nf3 {[%clk 0:02:33]} Bg4 {[%clk 0:02:52]} 11. O-O {[%clk 0:02:33]}
Bxf3 {[%clk 0:02:53]} 12. gxf3 {[%clk 0:02:14]} Nd7 {[%clk 0:02:28]} 13. b3
{[%clk 0:02:08]} Nf6 {[%clk 0:02:28]} 14. Ne4 {[%clk 0:01:56]} d5 {[%clk
0:02:23]} 15. cxd5 {[%clk 0:01:39]} Nxd5 {[%clk 0:02:22]} 16. Bc4 {[%clk
0:01:38]} e6 {[%clk 0:02:18]} 17. Qd2 {[%clk 0:01:14]} Nce7 {[%clk 0:02:06]} 18.
Bg5 {[%clk 0:01:00]} Qb6 {[%clk 0:01:53]} 19. Rfd1 {[%clk 0:00:46]} Nf5 {[%clk
0:01:50]} 20. Be3 {[%clk 0:00:45]} Rad8 {[%clk 0:01:39]} 21. Nc3 {[%clk 0:00:19]}
Nh4 {[%clk 0:01:34]} 22. Qe2 {[%clk 0:00:11]} Qd6 {[%clk 0:01:29]} 23. Bg5 {[%clk
0:00:06]} Bf6 {[%clk 0:01:22]} 24. Bxf6 {[%clk 0:00:06]}  0-1

[Event "Deutsche Blitz-Einzelmeisterschaft der Frauen 2021"]
[Site "Magdeburg"]
[Date "2021.08.01"]
[Round "20"]
[Board "2"]
[White "Noll, Sonja"]
[Black "Brunner, Sophia"]
[Result "0-1"]
[WhiteElo "1707"]
[BlackElo "1741"]
[PlyCount "0"]
[EventDate "2021.08.01"]
[EventRounds "21"]
[EventCountry "GER"]

1. e4 {[%clk 0:03:03]} e6 {[%clk 0:03:01]} 2. Nf3 {[%clk 0:03:03]} d5 {[%clk
0:03:01]} 3. exd5 {[%clk 0:03:04]} exd5 {[%clk 0:03:03]} 4. d4 {[%clk 0:03:05]}
Bd6 {[%clk 0:03:01]} 5. h3 {[%clk 0:03:05]} Ne7 {[%clk 0:02:50]} 6. Be3 {[%clk
0:03:05]} Bf5 {[%clk 0:02:48]} 7. Nbd2 {[%clk 0:03:01]} c6 {[%clk 0:02:49]} 8. c4
{[%clk 0:03:00]} h6 {[%clk 0:02:31]} 9. Be2 {[%clk 0:02:59]} O-O {[%clk 0:02:29]}
10. O-O {[%clk 0:02:59]} Nd7 {[%clk 0:02:30]} 11. Rc1 {[%clk 0:02:50]} Nf6 {[%clk
0:02:21]} 12. a3 {[%clk 0:02:48]} Ne4 {[%clk 0:02:10]} 13. Nh4 {[%clk 0:02:39]}
Bh7 {[%clk 0:02:07]} 14. Nhf3 {[%clk 0:02:26]} f5 {[%clk 0:01:46]} 15. Nxe4
{[%clk 0:02:10]} fxe4 {[%clk 0:01:38]} 16. Nh2 {[%clk 0:02:06]} Bxh2+ {[%clk
0:01:11]} 17. Kxh2 {[%clk 0:02:05]} Qd6+ {[%clk 0:01:12]} 18. g3 {[%clk 0:02:01]}
Nf5 {[%clk 0:01:04]} 19. Bf4 {[%clk 0:02:00]} Qd7 {[%clk 0:01:03]} 20. Bg4 {[%clk
0:02:00]} Qf7 {[%clk 0:00:51]} 21. c5 {[%clk 0:01:56]} g5 {[%clk 0:00:39]} 22.
Be5 {[%clk 0:01:47]} Bg6 {[%clk 0:00:26]} 23. Qb3 {[%clk 0:01:44]} h5 {[%clk
0:00:22]} 24. Bd1 {[%clk 0:01:33]} Rfe8 {[%clk 0:00:14]} 25. Rc3 {[%clk 0:01:31]}
Nh6 {[%clk 0:00:12]} 26. Qc2 {[%clk 0:01:25]} Kh7 {[%clk 0:00:12]} 27. Qc1 {[%clk
0:01:23]} Qf5 {[%clk 0:00:12]} 28. b4 {[%clk 0:01:09]} Re7 {[%clk 0:00:04]} 29.
a4 {[%clk 0:01:08]} a6 {[%clk 0:00:13]} 30. Bc2 {[%clk 0:00:52]} Nf7 {[%clk
0:00:07]} 31. f3 {[%clk 0:00:48]} Nxe5 {[%clk 0:00:04]} 32. fxe4 {[%clk 0:00:41]}
Qe6 {[%clk 0:00:06]} 33. exd5 {[%clk 0:00:34]} Qxd5 {[%clk 0:00:06]} 34. Qxg5
{[%clk 0:00:30]} Nf3+ {[%clk 0:00:07]} 35. Rfxf3 {[%clk 0:00:28]} Qxg5 {[%clk
0:00:08]} 36. Bd1 {[%clk 0:00:18]} Rae8 {[%clk 0:00:08]} 37. Rf4 {[%clk 0:00:15]}
Re3 {[%clk 0:00:09]} 38. Rc2 {[%clk 0:00:15]} Qxg3+ {[%clk 0:00:09]} 39. Kh1
{[%clk 0:00:15]} Qxf4 {[%clk 0:00:10]} 40. Rg2 {[%clk 0:00:13]} Re1+ {[%clk
0:00:11]} 41. Rg1 {[%clk 0:00:13]} Rxg1+ {[%clk 0:00:12]} 42. Kxg1 {[%clk
0:00:14]} Re1+ {[%clk 0:00:13]}  0-1

[Event "Deutsche Blitz-Einzelmeisterschaft der Frauen 2021"]
[Site "Magdeburg"]
[Date "2021.08.01"]
[Round "20"]
[Board "3"]
[White "Kosovska, Olena"]
[Black "Moenster, Madita"]
[Result "0-1"]
[WhiteElo "1965"]
[BlackElo "1889"]
[PlyCount "0"]
[EventDate "2021.08.01"]
[EventRounds "21"]
[EventCountry "GER"]

1. e4 {[%clk 0:03:03]} c5 {[%clk 0:03:03]} 2. Nc3 {[%clk 0:03:04]} a6 {[%clk
0:03:05]} 3. f4 {[%clk 0:03:05]} b5 {[%clk 0:03:05]} 4. Nf3 {[%clk 0:03:05]} Bb7
{[%clk 0:03:07]} 5. d3 {[%clk 0:03:05]} e6 {[%clk 0:03:07]} 6. Be2 {[%clk
0:03:06]} d5 {[%clk 0:03:05]} 7. exd5 {[%clk 0:03:01]} exd5 {[%clk 0:03:06]} 8.
O-O {[%clk 0:02:58]} Nf6 {[%clk 0:03:06]} 9. d4 {[%clk 0:02:56]} c4 {[%clk
0:02:53]} 10. Ne5 {[%clk 0:02:54]} Be7 {[%clk 0:02:52]} 11. a3 {[%clk 0:02:45]}
O-O {[%clk 0:02:51]} 12. Qe1 {[%clk 0:02:46]} Nc6 {[%clk 0:02:44]} 13. Qg3 {[%clk
0:02:45]} Nxd4 {[%clk 0:02:37]} 14. Bd1 {[%clk 0:02:40]} Nf5 {[%clk 0:02:31]} 15.
Qe1 {[%clk 0:02:21]} d4 {[%clk 0:02:24]} 16. Ne2 {[%clk 0:01:58]} Bc5 {[%clk
0:02:16]} 17. Ng3 {[%clk 0:01:43]} Nxg3 {[%clk 0:01:56]} 18. hxg3 {[%clk
0:01:29]} Ne4 {[%clk 0:01:44]} 19. Kh2 {[%clk 0:01:23]} Qf6 {[%clk 0:01:41]} 20.
Ng4 {[%clk 0:01:20]} Qf5 {[%clk 0:01:36]} 21. Bf3 {[%clk 0:00:41]} Rfe8 {[%clk
0:01:26]} 22. Nf2 {[%clk 0:00:28]} Nxg3 {[%clk 0:01:07]} 23. Qd1 {[%clk 0:00:28]}
Bxf3 {[%clk 0:01:02]} 24. Qxf3 {[%clk 0:00:22]} Nxf1+ {[%clk 0:01:01]} 25. Kg1
{[%clk 0:00:23]} Ne3 {[%clk 0:00:56]} 26. Bxe3 {[%clk 0:00:16]} dxe3 {[%clk
0:00:55]}  0-1

[Event "Deutsche Blitz-Einzelmeisterschaft der Frauen 2021"]
[Site "Magdeburg"]
[Date "2021.08.01"]
[Round "20"]
[Board "4"]
[White "Braun, Kristin"]
[Black "Michna, Marta"]
[Result "0-1"]
[WhiteElo "1846"]
[BlackElo "2416"]
[PlyCount "0"]
[EventDate "2021.08.01"]
[EventRounds "21"]
[EventCountry "GER"]

1. e4 {[%clk 0:03:04]} e6 {[%clk 0:03:03]} 2. d4 {[%clk 0:03:05]} d6 {[%clk
0:03:00]} 3. c4 {[%clk 0:03:05]} g6 {[%clk 0:03:01]} 4. Nc3 {[%clk 0:03:06]} Bg7
{[%clk 0:03:02]} 5. Nf3 {[%clk 0:03:07]} Nd7 {[%clk 0:03:03]} 6. Be2 {[%clk
0:03:08]} e5 {[%clk 0:03:02]} 7. d5 {[%clk 0:03:10]} Ne7 {[%clk 0:02:57]} 8. O-O
{[%clk 0:03:10]} O-O {[%clk 0:02:57]} 9. Bg5 {[%clk 0:03:08]} h6 {[%clk 0:02:59]}
10. Bh4 {[%clk 0:03:09]} g5 {[%clk 0:02:43]} 11. Bg3 {[%clk 0:03:10]} Ng6 {[%clk
0:02:45]} 12. Nd2 {[%clk 0:02:58]} a5 {[%clk 0:02:40]} 13. b3 {[%clk 0:02:57]}
Nc5 {[%clk 0:02:41]} 14. f3 {[%clk 0:02:56]} Nf4 {[%clk 0:02:38]} 15. Bf2 {[%clk
0:02:51]} b6 {[%clk 0:02:40]} 16. a3 {[%clk 0:02:37]} f5 {[%clk 0:02:15]} 17. b4
{[%clk 0:02:10]} axb4 {[%clk 0:02:16]} 18. axb4 {[%clk 0:02:12]} Rxa1 {[%clk
0:02:17]} 19. Qxa1 {[%clk 0:02:13]} Nxe2+ {[%clk 0:01:52]} 20. Nxe2 {[%clk
0:02:14]} Nd3 {[%clk 0:01:53]} 21. Be3 {[%clk 0:02:04]} Nxb4 {[%clk 0:01:51]} 22.
Qc3 {[%clk 0:01:54]} Na6 {[%clk 0:01:52]} 23. Rb1 {[%clk 0:01:45]} f4 {[%clk
0:01:45]} 24. Bf2 {[%clk 0:01:46]} g4 {[%clk 0:01:47]} 25. Nc1 {[%clk 0:01:20]}
Bf6 {[%clk 0:01:41]} 26. Nd3 {[%clk 0:01:19]} Rf7 {[%clk 0:01:40]} 27. Nb4 {[%clk
0:01:20]} Nxb4 {[%clk 0:01:39]} 28. Rxb4 {[%clk 0:01:19]} Rg7 {[%clk 0:01:40]}
29. Kh1 {[%clk 0:01:17]} Qe8 {[%clk 0:01:34]} 30. Bg1 {[%clk 0:00:58]} Qh5 {[%clk
0:01:27]} 31. Ra4 {[%clk 0:00:46]} Kh7 {[%clk 0:01:25]} 32. Ra8 {[%clk 0:00:44]}
gxf3 {[%clk 0:01:24]} 33. Nxf3 {[%clk 0:00:45]} Bg4 {[%clk 0:01:21]} 34. Rf8
{[%clk 0:00:19]} Be7 {[%clk 0:01:11]} 35. Ra8 {[%clk 0:00:10]} Qg6 {[%clk
0:01:09]} 36. Ra7 {[%clk 0:00:18]} Bf6 {[%clk 0:00:57]} 37. Rb7 {[%clk 0:00:15]}
h5 {[%clk 0:00:52]} 38. Ra7 {[%clk 0:00:15]} h4 {[%clk 0:00:54]} 39. Ra3 {[%clk
0:00:11]} Qxe4 {[%clk 0:00:45]} 40. Qd3 {[%clk 0:00:06]} Qxd3 {[%clk 0:00:46]}
41. Rxd3 {[%clk 0:00:08]} e4 {[%clk 0:00:47]}  0-1